| 000 | 00867nam a22002297a 4500 | ||
|---|---|---|---|
| 008 | 240620b mp ||||| |||| 00| 0 mon d | ||
| 020 | _a978-99973-1-259-4 | ||
| 035 | _a20949 | ||
| 040 |
_aUM0146080 _bmon _cMN-UlNLM _dMN-UlNLM _erda |
||
| 041 | _amon | ||
| 042 | _a81103 | ||
| 084 |
_2NNA _a82.3/3/ _bГ773 |
||
| 245 | 0 | _a365 үдэш | |
| 264 |
_aУлаанбаатар _bМонсудар _c2015 |
||
| 300 | _a491х. | ||
| 336 |
_2rdacontent _atext _btxt |
||
| 337 |
_2rdamedia _aunmediated _bn |
||
| 338 |
_2rdacarrier _avolume _bnc |
||
| 650 | _aЭрхэм аав, ээж нараа! Монголчууд бид өвлийн урт орой, зуны шөнийн одтой тэнгэрийн доор үр хүүхдүүдээ тойруулж суулгаад үлгэр ту... | ||
| 942 |
_2NNA _cBK |
||
| 999 |
_c1054673 _d1054730 |
||